Geologic map of the north side of the Moon /

Bibliographic Details
Main Author: Lucchitta, Baerbel K.
Corporate Authors: Geological Survey (U.S.), United States. National Aeronautics and Space Administration, Aerospace Center (U.S.)
Format: Government Document Map
Language:English
Published: Reston, Va. : The Survey, 1978.
Series:Miscellaneous investigations series (Geological Survey (U.S.)) ; map I-1062.
Subjects:

MARC

Tag First Indicator Second Indicator Subfields
LEADER 00000cem a2200000Ia 4500
001 in00002495721
005 20151111041625.0
007 aj canzn
008 790105s1978 vaub af a f 0 eng d
034 1 |a a  |b 5000000 
035 |a (OCoLC)ocm04521102 
035 |a (OCoLC)4521102 
040 |a GIS  |c GIS  |d NMT  |d OCL  |d COP  |d OCLCQ  |d STF  |d TXA  |d UtOrBLW 
043 |a zmo---- 
049 |a TXAM 
050 1 4 |a G3701.C5 svar  |b .U52 I-1062 
052 |a 3196 
074 |a 0619-G-08 
086 0 |a I 19.91:I-1062 
100 1 |a Lucchitta, Baerbel K. 
245 1 0 |a Geologic map of the north side of the Moon /  |c by Baerbel K. Lucchitta ; Department of the Interior, United States Geological Survey ; prepared on behalf of the National Aeronautics and Space Administration and in cooperation with the Defense Mapping Agency, Aerospace Center. 
255 |a Scale 1:5,000,000 at the pole ;  |b Polar stereographic proj. 
264 1 |a Reston, Va. :  |b The Survey,  |c 1978. 
300 |a 1 map :  |b color ;  |c 57 cm. in diameter, on sheet 79 x 197 cm., folded in envelope 30 x 24 cm. 
336 |a cartographic image  |b cri  |2 rdacontent 
337 |a unmediated  |b n  |2 rdamedia 
338 |a sheet  |b nb  |2 rdacarrier 
490 1 |a Miscellaneous investigations series ;  |v I-1062 
500 |a Photo map. 
500 |a Text, photographic coverage map, and province map on sheet. 
504 |a Includes bibliographical references. 
500 |a Cartographic material. 
650 0 |a Lunar geology  |v Remote-sensing maps. 
651 0 |a Moon  |v Remote-sensing maps. 
710 2 |a Geological Survey (U.S.) 
710 1 |a United States.  |b National Aeronautics and Space Administration. 
710 2 |a Aerospace Center (U.S.) 
830 0 |a Miscellaneous investigations series (Geological Survey (U.S.)) ;  |v map I-1062. 
994 |a C0  |b TXA 
948 |a cataloged  |b h  |c 2009/07/07  |e rzeske  |f 12:35:10 pm 
999 |a MARS 
999 f f |s 384dd754-aa93-3986-b8d1-7cacb4ad2764  |i 3b326a7e-dd5f-38a4-8c2f-41c7150b3e61  |t 0 
952 f f |p normal  |a Texas A&M University  |b College Station  |c Sterling C. Evans Library  |d Evans: Maps File (2nd floor)  |t 0  |e I 19.91:I-1062  |h Superintendent of Documents classification  |i unmediated -- sheet  |m A14837623983 
998 f f |a I 19.91:I-1062  |t 0  |l Evans: Maps File (2nd floor)